000 00517nam a22001931a 4500
001 2273
003 OSt
005 20260204211806.0
008 040209s1985||||dr ||||||b||||||||||spa||
050 _aRD 658.31244 G586r
082 _aRD 658.31244 G586r
100 _aGómez González, Juan Dario
245 _aLas relaciones humanas / Juan Dario Gómez González
264 _aSanto Domingo : América
300 _a104 p.
500 _aIncluye bibliografía
650 _a1.Relaciones HumanasÌ
942 _2ddc
_cBK
999 _c2273
_d2273